00000000nam##2200000za#4500
0019.588840
003CaOODSP
00520250403104939
007cr |||||||||||
008150406|1987||||xxc|||||o    f|0| 0 fre|d
040 |aCaOODSP|bfre
041 |aeng
041 |afre
043 |an-cn---
0861 |aCS99-117/1987-PDF
24500|aDivisions et subdivisions de recensement, provinces de l'Atlantique |h[ressource électronique]
2461 |iTitre additionnel (dans la publication) : |aRéférence: géographie - listes de référence des secteurs de dénombrement
260 |aOttawa - Ontario : |bStatistique Canada |c1987.
4901 |aGéographie référence |v99-117
500 |aPublication du recensement historique numérisé par Statistique Canada.
590 |a13-07-Supp|b2013-03-25
69107|aRecensement|2gcpds
7102 |aStatistique Canada.
791 |tCensus divisions and subdivisions, Atlantic Provinces |eeng|w(CaOODSP)9.588839
830#0|aGéographie référence ;|v99-117|w(CaOODSP)9.500700
85640|ahttp://publications.gc.ca|qPDF|s2.9 Mo|uhttps://publications.gc.ca/collections/collection_2013/statcan/rh-hc/CS99-117-1987.pdf|y99-117